000 00466cam a2200157 4500500
005 20251012032550.0
041 _afre
042 _adc
100 1 0 _aRamos Rosa, António
_eauthor
700 1 0 _a Chandeigne, Michel
_eauthor
245 0 0 _aUm astro/UN astre
260 _c2005.
500 _a42
786 0 _nSigila | 16 | 2 | 2005-12-20 | p. 212-213 | 1286-1715
856 4 1 _uhttps://shs.cairn.info/revue-sigila-2005-2-page-212?lang=fr&redirect-ssocas=7080
999 _c1547668
_d1547668